000
nam a22 7a 4500
999
_c
234981
_d
234981
003
Nust
005
20170404111434.0
008
170404b xxu||||| |||| 00| 0 eng d
040
_c
DLC
082
_a
520.3 VIS
245
_a
Visual dictionary /
260
_a
London :
_b
A Dorling Kindersley Book,
300
_a
672p. :
942
_2
ddc
_c
BK